<?xml version="1.0" encoding="UTF-8"?>
<record
    xmlns:xsi="http://www.w3.org/2001/XMLSchema-instance"
    xsi:schemaLocation="http://www.loc.gov/MARC21/slim http://www.loc.gov/standards/marcxml/schema/MARC21slim.xsd"
    xmlns="http://www.loc.gov/MARC21/slim">

  <leader>02806nam a2200385 a 4500</leader>
  <controlfield tag="003">CHAP</controlfield>
  <controlfield tag="005">20230512181828.0</controlfield>
  <controlfield tag="007">ta</controlfield>
  <controlfield tag="008">230512s2016    ck adbofr|||| 001 0 spa d</controlfield>
  <datafield tag="020" ind1=" " ind2=" ">
    <subfield code="a">978-958-771-342-8</subfield>
  </datafield>
  <datafield tag="040" ind1=" " ind2=" ">
    <subfield code="a">mxchpua</subfield>
    <subfield code="c">CHAP</subfield>
    <subfield code="e">rda</subfield>
  </datafield>
  <datafield tag="050" ind1="1" ind2="0">
    <subfield code="a">T60.6</subfield>
    <subfield code="b">.P35 2016</subfield>
  </datafield>
  <datafield tag="082" ind1="0" ind2="0">
    <subfield code="a">658.542</subfield>
    <subfield code="b">P35 2016</subfield>
    <subfield code="2">20</subfield>
  </datafield>
  <datafield tag="100" ind1="1" ind2=" ">
    <subfield code="9">187003</subfield>
    <subfield code="a">Palacios Acero, Luis Carlos</subfield>
    <subfield code="e">autor </subfield>
  </datafield>
  <datafield tag="245" ind1="1" ind2="0">
    <subfield code="a">Ingenier&#xED;a de m&#xE9;todos, movimientos y tiempos / </subfield>
    <subfield code="c">Luis Carlos Palacios Acero</subfield>
  </datafield>
  <datafield tag="250" ind1=" " ind2=" ">
    <subfield code="a">2a edici&#xF3;n </subfield>
  </datafield>
  <datafield tag="264" ind1=" " ind2=" ">
    <subfield code="a">Bogot&#xE1;, Colombia : </subfield>
    <subfield code="b">ECOE Ediciones,</subfield>
    <subfield code="c">2016</subfield>
  </datafield>
  <datafield tag="300" ind1=" " ind2=" ">
    <subfield code="a">371 p&#xE1;ginas : </subfield>
    <subfield code="b">ilustraciones, tablas, gr&#xE1;ficas, diagramas, mapas, fotos</subfield>
  </datafield>
  <datafield tag="336" ind1=" " ind2=" ">
    <subfield code="2">rdacontent</subfield>
    <subfield code="a">texto</subfield>
    <subfield code="b">txt</subfield>
  </datafield>
  <datafield tag="337" ind1=" " ind2=" ">
    <subfield code="2">rdamedia</subfield>
    <subfield code="a">sin medio</subfield>
    <subfield code="b">n</subfield>
  </datafield>
  <datafield tag="338" ind1=" " ind2=" ">
    <subfield code="2">rdacarrier</subfield>
    <subfield code="a">volumen</subfield>
    <subfield code="b">nc</subfield>
  </datafield>
  <datafield tag="490" ind1="1" ind2=" ">
    <subfield code="a">Ingenier&#xED;a y salud en el trabajo. Ingenier&#xED;a Industrial (ECOE Ediciones)</subfield>
  </datafield>
  <datafield tag="504" ind1=" " ind2=" ">
    <subfield code="a">Bibliograf&#xED;a: p&#xE1;ginas 369-370</subfield>
  </datafield>
  <datafield tag="520" ind1="2" ind2=" ">
    <subfield code="a">En todo centro de trabajo, mejorar el rendimiento de los procesos para incrementar la productividad y eficiencia es una constante. Sin embargo, variables relacionadas con el equipo humano, la fabricaci&#xF3;n de productos, el clima organizacional, las instalaciones y las tecnolog&#xED;as utilizadas pueden afectar los procesos y, por ello, reducir los resultados esperados. Descubrir estas fuentes de ineficiencias y desperdicios con el fin de corregirlos, estandarizarlos y medirlos para contribuir al progreso empresarial es el objetivo de la ingenier&#xED;a de m&#xE9;todos, movimientos y tiempos. Esta nueva edici&#xF3;n consta de nueve cap&#xED;tulos en los que se ofrece, por medio de un lenguaje sencillo y varios apoyos visuales, un resumen hist&#xF3;rico de la ingenier&#xED;a de m&#xE9;todos, los m&#xE9;todos de producci&#xF3;n, las herramientas t&#xE9;cnicas para fabricar objetos, el emplazamiento de empresas, la distribuci&#xF3;n en planta, los movimientos ergon&#xF3;micos adecuados en el sitio de trabajo, la medida est&#xE1;ndar del trabajo y la administraci&#xF3;n de la ingenier&#xED;a de m&#xE9;todos. Cada cap&#xED;tulo cuenta con ejercicios, talleres y casos sobre el tema. Ingenier&#xED;a de m&#xE9;todos, movimientos y tiempos es un texto de referencia &#xFA;til para estudiantes, docentes y profesionales de Ingenier&#xED;a Industrial y Administraci&#xF3;n de Empresas, as&#xED; como para gerentes, directores de producci&#xF3;n y consultores interesados en rendimiento empresarial.</subfield>
  </datafield>
  <datafield tag="650" ind1="1" ind2="3">
    <subfield code="9">38503</subfield>
    <subfield code="a">Estudio de movimiento</subfield>
  </datafield>
  <datafield tag="650" ind1="1" ind2="3">
    <subfield code="9">38504</subfield>
    <subfield code="a">Estudio de tiempos</subfield>
  </datafield>
  <datafield tag="650" ind1="1" ind2="3">
    <subfield code="9">58257</subfield>
    <subfield code="a">Ingenier&#xED;a industrial</subfield>
  </datafield>
  <datafield tag="650" ind1="1" ind2="3">
    <subfield code="9">154736</subfield>
    <subfield code="a">Salarios y remuneraci&#xF3;n  </subfield>
  </datafield>
  <datafield tag="650" ind1="1" ind2="3">
    <subfield code="9">147129</subfield>
    <subfield code="a">Motion study  </subfield>
  </datafield>
  <datafield tag="650" ind1="1" ind2="3">
    <subfield code="9">147130</subfield>
    <subfield code="a">Time study  </subfield>
  </datafield>
  <datafield tag="650" ind1="1" ind2="3">
    <subfield code="9">153161</subfield>
    <subfield code="a">Industrial engineering  </subfield>
  </datafield>
  <datafield tag="650" ind1="1" ind2="3">
    <subfield code="9">154737</subfield>
    <subfield code="a">Wages and remuneration</subfield>
  </datafield>
  <datafield tag="830" ind1=" " ind2=" ">
    <subfield code="9">187004</subfield>
    <subfield code="a">Ingenier&#xED;a y salud en el trabajo. Ingenier&#xED;a Industrial (ECOE Ediciones)</subfield>
  </datafield>
  <datafield tag="942" ind1=" " ind2=" ">
    <subfield code="2">ddc</subfield>
    <subfield code="c">Libro</subfield>
  </datafield>
  <datafield tag="999" ind1=" " ind2=" ">
    <subfield code="c">218734</subfield>
    <subfield code="d">218734</subfield>
  </datafield>
  <datafield tag="952" ind1=" " ind2=" ">
    <subfield code="0">0</subfield>
    <subfield code="1">0</subfield>
    <subfield code="2">ddc</subfield>
    <subfield code="4">0</subfield>
    <subfield code="5">1</subfield>
    <subfield code="7">0</subfield>
    <subfield code="8">GRAL</subfield>
    <subfield code="a">IA_</subfield>
    <subfield code="b">IA_</subfield>
    <subfield code="d">2018-11-13</subfield>
    <subfield code="e">Compra ECOE Ediciones  F.1482</subfield>
    <subfield code="i">Consumo</subfield>
    <subfield code="l">0</subfield>
    <subfield code="o">658.542 P35 2016</subfield>
    <subfield code="p">1102014759</subfield>
    <subfield code="r">2023-05-12 00:00:00</subfield>
    <subfield code="t">Ej. 1</subfield>
    <subfield code="w">2023-05-12</subfield>
    <subfield code="y">LIBRO</subfield>
  </datafield>
  <datafield tag="952" ind1=" " ind2=" ">
    <subfield code="0">0</subfield>
    <subfield code="1">0</subfield>
    <subfield code="2">ddc</subfield>
    <subfield code="4">0</subfield>
    <subfield code="5">5</subfield>
    <subfield code="7">0</subfield>
    <subfield code="8">GRAL</subfield>
    <subfield code="a">IA_</subfield>
    <subfield code="b">IA_</subfield>
    <subfield code="d">2018-11-13</subfield>
    <subfield code="e">Compra ECOE Ediciones  F.1482</subfield>
    <subfield code="i">Consumo</subfield>
    <subfield code="l">0</subfield>
    <subfield code="o">658.542 P35 2016</subfield>
    <subfield code="p">1102014760</subfield>
    <subfield code="r">2023-05-12 00:00:00</subfield>
    <subfield code="t">Ej. 2</subfield>
    <subfield code="w">2023-05-12</subfield>
    <subfield code="y">LIBRO</subfield>
  </datafield>
  <datafield tag="952" ind1=" " ind2=" ">
    <subfield code="0">0</subfield>
    <subfield code="1">0</subfield>
    <subfield code="2">ddc</subfield>
    <subfield code="4">0</subfield>
    <subfield code="5">5</subfield>
    <subfield code="7">0</subfield>
    <subfield code="8">GRAL</subfield>
    <subfield code="a">IA_</subfield>
    <subfield code="b">IA_</subfield>
    <subfield code="d">2018-11-13</subfield>
    <subfield code="e">Compra ECOE Ediciones  F.1482</subfield>
    <subfield code="i">Consumo</subfield>
    <subfield code="l">0</subfield>
    <subfield code="o">658.542 P35 2016</subfield>
    <subfield code="p">1102014761</subfield>
    <subfield code="r">2023-05-12 00:00:00</subfield>
    <subfield code="t">Ej. 3</subfield>
    <subfield code="w">2023-05-12</subfield>
    <subfield code="y">LIBRO</subfield>
  </datafield>
  <datafield tag="952" ind1=" " ind2=" ">
    <subfield code="0">0</subfield>
    <subfield code="1">0</subfield>
    <subfield code="2">ddc</subfield>
    <subfield code="4">0</subfield>
    <subfield code="5">5</subfield>
    <subfield code="7">0</subfield>
    <subfield code="8">GRAL</subfield>
    <subfield code="a">IA_</subfield>
    <subfield code="b">IA_</subfield>
    <subfield code="d">2018-11-13</subfield>
    <subfield code="e">Compra ECOE Ediciones  F.1482</subfield>
    <subfield code="i">Consumo</subfield>
    <subfield code="l">0</subfield>
    <subfield code="o">658.542 P35 2016</subfield>
    <subfield code="p">1102014762</subfield>
    <subfield code="r">2023-05-12 00:00:00</subfield>
    <subfield code="t">Ej. 4</subfield>
    <subfield code="w">2023-05-12</subfield>
    <subfield code="y">LIBRO</subfield>
  </datafield>
  <datafield tag="952" ind1=" " ind2=" ">
    <subfield code="0">0</subfield>
    <subfield code="1">0</subfield>
    <subfield code="2">ddc</subfield>
    <subfield code="4">0</subfield>
    <subfield code="5">5</subfield>
    <subfield code="7">0</subfield>
    <subfield code="8">GRAL</subfield>
    <subfield code="a">IA_</subfield>
    <subfield code="b">IA_</subfield>
    <subfield code="d">2018-11-13</subfield>
    <subfield code="e">Compra ECOE Ediciones  F.1482</subfield>
    <subfield code="i">Consumo</subfield>
    <subfield code="l">2</subfield>
    <subfield code="o">658.542 P35 2016</subfield>
    <subfield code="p">1102014763</subfield>
    <subfield code="q">2025-07-03</subfield>
    <subfield code="r">2025-06-26 10:35:55</subfield>
    <subfield code="s">2025-06-26</subfield>
    <subfield code="t">Ej. 5</subfield>
    <subfield code="w">2023-05-12</subfield>
    <subfield code="y">LIBRO</subfield>
  </datafield>
</record>
